000 00926nam a2200265 a 4500
001 000005668
003 DO-SdBNP
005 20240925140226.0
008 090821s2007 dr ac 000 0bspa d
020 _a9993431125
040 _aDO-SdBNP
_bspa
_cBNPHU
049 _aBNPD
082 _a923.5
_bM779F
100 1 _aFrías, Salomé
_916020
245 1 0 _aComandante Montes Arache :
_bel hombre rana /
_cSalomé Frías.
260 _aSanto Domingo :
_bColegio Dominicano de Periodistas,
_c2007.
_fKarabú
300 _a149 p. :
_bil., retrs. ;
_c23 cm.
600 1 4 _aMontes Arache, Manuel Ramón,
_d1926-2009
_916021
650 4 _aBuceadores
_916022
650 4 _aMarina de guerra
_zRepública Dominicana
_xHistoria
_916023
650 4 _aMarinos
_zRepública Dominicana
_xHistoria
_916024
651 4 _aRepública Dominicana
_xHistoria
_yRevolución, 1965
_92167
910 _aValidado. Control de calidad EMS
942 _2ddc
_cLBS1
999 _c5466
_d5466